Normal view
MARC view
- May, Edward
Entry Personal Name
001 - CONTROL NUMBER
- control field: 41250
003 - CONTROL NUMBER IDENTIFIER
- control field: NUST
005 - DATE AND TIME OF LATEST TRANSACTION
- control field: 20210314132016.0
008 - FIXED-LENGTH DATA ELEMENTS
- fixed length control field: 210314|| aca||aabn | a|a d
040 ## - CATALOGING SOURCE
- Original cataloging agency: NUST
- Transcribing agency: NUST
100 ## - HEADING--PERSONAL NAME
- Personal name: May, Edward
670 ## - SOURCE DATA FOUND
- Source citation: Work cat.: (NUST): May, Edward., Industrial high frequency electric power., 1949.
